Hudson's building and engineering contracts (Record no. 112156)

MARC details
000 -LEADER
fixed length control field 01010cam a22002775a 4500
001 - CONTROL NUMBER
control field L152664
008 - FIXED-LENGTH DATA ELEMENTS--GENERAL INFORMATION
fixed length control field 110411s2010 xxk f 001 0 eng d
020 ## - INTERNATIONAL STANDARD BOOK NUMBER
International Standard Book Number 9781847032041
035 ## - SYSTEM CONTROL NUMBER
System control number (Sirsi) u152664
041 0# - LANGUAGE CODE
Language code of text/sound track or separate title eng
050 04 - LIBRARY OF CONGRESS CALL NUMBER
Classification number 692.8 $2 18
245 00 - TITLE STATEMENT
Title Hudson's building and engineering contracts
250 ## - EDITION STATEMENT
Edition statement 12th ed.
260 ## - PUBLICATION, DISTRIBUTION, ETC.
Place of publication, distribution, etc. London
Name of publisher, distributor, etc. Sweet & Maxwell
Date of publication, distribution, etc. 2010
300 ## - PHYSICAL DESCRIPTION
Extent cxlv, 1519p.
Dimensions 24cm.
520 ## - SUMMARY, ETC.
Summary, etc. Provides an overview of the law and interpretation of construction contracts, including JCT, NEC, ICE, and FIDIC. Discusses relevant English and international case law and highlights the responsibilities and obligations of project managers, architects, engineers, surveyors and consultants.
521 ## - TARGET AUDIENCE NOTE
Target audience note Advanced.
590 ## - LOCAL NOTE (RLIN)
Local note KA
651 #4 - SUBJECT ADDED ENTRY--GEOGRAPHIC NAME
Geographic name England and Wales
Chronological subdivision 1543-
690 ## - LOCAL SUBJECT ADDED ENTRY--TOPICAL TERM (OCLC, RLIN)
Topical term or geographic name as entry element BUILT ENVIRONMENT-BUILDING CONTRACT FORMS
700 1# - ADDED ENTRY--PERSONAL NAME
Personal name Dennys, Nicholas
Relator term Editor
700 1# - ADDED ENTRY--PERSONAL NAME
Personal name Raeside, Mark
Relator term Editor
700 1# - ADDED ENTRY--PERSONAL NAME
Personal name Clay, Robert
Relator term Editor
942 ## - ADDED ENTRY ELEMENTS (KOHA)
Suppress in OPAC 0
Holdings
Withdrawn status Lost status Source of classification or shelving scheme Damaged status Not for loan Home library Current library Shelving location Date acquired Cost, normal purchase price Total Checkouts Full call number Barcode Date last seen Copy number Cost, replacement price Price effective from Koha item type
    Dewey Decimal Classification     London London Basement 19/04/2011 297.50   BASEMENT 61 30077165 06/08/2019 1 297.50 06/08/2019 Book